Preparation, characterization and optimization of adsorption parameters for the removal of methylene blue by chemically activated butternut peel carbon (Record no. 84224)

MARC details
000 -LEADER
fixed length control field 00705 a2200193 4500
003 - CONTROL NUMBER IDENTIFIER
control field CBULib
005 - DATE AND TIME OF LATEST TRANSACTION
control field 20240129075153.0
008 - FIXED-LENGTH DATA ELEMENTS--GENERAL INFORMATION
fixed length control field 240126b |||||||| |||| 00| 0 eng d
040 ## - CATALOGING SOURCE
Original cataloging agency CBULib
Language of cataloging English
Transcribing agency CBULib
Modifying agency CBULib
Description conventions rda
050 ## - LIBRARY OF CONGRESS CALL NUMBER
Classification number CBU-PG THESIS/CHI
100 ## - MAIN ENTRY--PERSONAL NAME
Personal name Chimbaya, Samuel
245 ## - TITLE STATEMENT
Title Preparation, characterization and optimization of adsorption parameters for the removal of methylene blue by chemically activated butternut peel carbon
Statement of responsibility, etc /by Chibaya Samuel
260 ## - PUBLICATION, DISTRIBUTION, ETC. (IMPRINT)
Name of publisher, distributor, etc Copperbelt University
Date of publication, distribution, etc 2021
Place of publication, distribution, etc Kitwe
300 ## - PHYSICAL DESCRIPTION
Extent vii, 39pages : illustrations
336 ## - CONTENT TYPE
Source rdacontent
Content type term Text |
Content type code txt
337 ## - MEDIA TYPE
Source rdamedia
Media type term Unmediated |
Media type code n
338 ## - CARRIER TYPE
Source rdacarrier
Carrier type term Volume
Carrier type code nc
942 ## - ADDED ENTRY ELEMENTS (KOHA)
Source of classification or shelving scheme
Koha item type UNIVERSITY COLLECTION
Holdings
Withdrawn status Lost status Source of classification or shelving scheme Damaged status Not for loan Collection code Permanent Location Current Location Shelving location Date acquired Source of acquisition Full call number Barcode Date last seen Price effective from Koha item type
          Special Collections CBU-MAIN LIBRARY, KITWE. CBU-MAIN LIBRARY, KITWE. Special Collections 01/26/2024 DEP-CBU/01/2024 CBU-PG THESIS/CHI B93535 01/26/2024 01/26/2024 UNIVERSITY COLLECTION